Dejiny ekonomických teórií

Uložené v:
Podrobná bibliografia
Hlavný autor: Lisý, Ján
Korporativný autor: Ekonomická univerzita v Bratislave
Ďalší autori: Petričová, Jarmila, Čaplánová, Anetta, 1967-
Médium: Kniha
Jazyk:Slovak
Vydavateľské údaje: Bratislava IURA EDITION 2003
Edícia:Ekonómia
Predmet:
Tagy: Pridať tag
Žiadne tagy, Buďte prvý, kto otaguje tento záznam!

MARC

LEADER 00000nam a2200000 4500
001 c143066
005 20240502071325.4
020 |a 80-89047-60-2 
041 0 |a slo 
044 |a SK 
245 1 0 |a Dejiny ekonomických teórií  |c Ján Lisý a kolektív 
264 1 |a Bratislava  |b IURA EDITION  |c 2003 
300 |a 386 s. 
490 1 |a Ekonómia 
830 0 |a Ekonómia 
610 2 0 |a teórie ekonomické 
610 2 0 |a veda ekonomická 
610 2 0 |a dejiny 
610 2 0 |a škola historická 
610 2 0 |a socializmus 
610 2 0 |a kapitalizmus 
610 2 0 |a teória úžitku hraničného 
610 2 0 |a rovnováha hospodárska 
610 2 0 |a vývoj hospodársky 
610 2 0 |a keynesizmus 
610 2 0 |a neoklasicizmus 
610 2 0 |a makroekonomika 
610 2 0 |a monetarizmus 
610 2 0 |a ponuka 
610 2 0 |a koncepcie 
610 2 0 |a krajiny rozvojové 
610 2 0 |a myslenie ekonomické 
610 2 0 |a osobnosť 
610 2 0 |a Slovensko 
610 2 0 |a Marx, K.H. 
610 2 0 |a Hodža, M. 
610 2 0 |a Karvaš, I. 
610 2 0 |a Briška, R. 
610 2 0 |a Schumpeter, J.A. 
100 1 |a Lisý, Ján 
700 1 |a Petričová, Jarmila 
700 1 |a Čaplánová, Anetta, 1967- 
710 2 |a Ekonomická univerzita v Bratislave